00495nam a22001577a 450000500170000001000160001702000260003303700280005908200080008710000170009524500520011226000420016427000410020630000200024750000700026720250227164910.0 a20BACCHEN25 a9788197066993c600.00 bBharat Law Publications a485 aArya, Shweta aDictionary of Idioms & Phrases/cby Shweta Arya aJaipurbBharat Law Publicationsc2024 a7/168, Malviya NagarbJaipure302017 a300p.c18cm(pb) aAntonyms Homonyms, Proverbs One Words Substitutions Common Errors